[Event "Madrid-ch sf-B"]
[Site "Madrid"]
[Date "2010.01.08"]
[Round "1"]
[White "Navas Jimenez, Julian"]
[Black "Vazquez Torres, Adrian"]
[Result "0-1"]
[WhiteElo "1962"]
[BlackElo "2139"]
[PlyCount "64"]
[EventDate "2010.01.08"]
[EventType "swiss"]
[EventRounds "9"]
[EventCountry "ESP"]
[SourceTitle "CBM 134 Extra"]
[Source "ChessBase"]
[SourceDate "2010.03.03"]
[SourceVersion "1"]
[SourceVersionDate "2010.03.03"]
[SourceQuality "1"]

1. d4 d6 2. Nf3 Nf6 3. c4 Nbd7 4. Nc3 c6 5. e4 e5 6. Be2 Be7 7. 0-0 0-0 8. Qc2 a6 9. Re1 b5 10. a3 Bb7 11. b4 Rc8 12. dxe5 Nxe5 13. Nxe5 dxe5 14. c5 Rc7 15. Bb2 Rd7 16. Rad1 Bc8 17. Rxd7 Bxd7 18. Nd1 Qc7 19. Ne3 Re8 20. Rd1 Be6 21. h3 a5 22. bxa5 Qxa5 23. Nf5 Bf8 24. Nd6 Rd8 25. Nb7 Rxd1+ 26. Qxd1 Qa7 27. Nd8 Bd7 28. Bxe5 Be7 29. Bxf6 Bxf6 30. Bg4 Bxg4 31. Nxc6 Qxc5 32. Qxg4 Qxc6 0-1